| 000 | 01146cam a22002651i 4500 | ||
|---|---|---|---|
| 003 | SA-RiAUC | ||
| 005 | 20251019134217.0 | ||
| 008 | 251009s1973 le g 00000 ara c | ||
| 040 |
_aSA-RiAUC _bara _cSA-RiAUC _erda |
||
| 082 | 0 | 4 | _a025.3412 |
| 090 |
_a025.3412 _bم ن ج |
||
| 100 | 1 |
_aالمنجد، صلاح الدين بن عبد الله، _d1920-2010 _eمؤلف. |
|
| 245 | 1 | 0 |
_aقواعد فهرسة المخطوطات العربية / _cصلاح الدين المنجد. |
| 250 | _aالطبعة الأولى. | ||
| 264 | 1 |
_aبيروت : _bدار الكتاب الجديد، _c1973 |
|
| 300 |
_a79 صفحة ؛ _c24 سم |
||
| 336 |
_aنص _btxt _2rdacontent _3كتاب |
||
| 337 |
_aبدون وسيط _bn _2rdamedia |
||
| 338 |
_aمجلد _bnc _2rdacarrier |
||
| 500 | _aمحاضرات ألقيت في الدورة الأولى للمخطوطات العربية التي فهرستها جامعة الملك عبد العزيز 1392 هـ / 1972 م. | ||
| 650 | 7 |
_aالمخطوطات العربية _2aucsh |
|
| 650 | 7 |
_aفهرسة المخطوطات _2aucsh |
|
| 942 |
_2ddc _cBOOK _n0 |
||
| 949 |
_aSA-JeALM _d251009 _umohamedma123 _n1 |
||
| 999 |
_c12595 _d12595 |
||